000
00297nam a2200121Ia 4500
008
220204s9999 xx 000 0 und d
082
_a
028.2875
_b
HIL.13
245
0
_a
Pyrolysis of polymers. V 13
260
_a
New York
_b
Technomic
_c
1976
650
_a
Pyrolysis
700
_a
Carlos J
942
_c
BK
999
_c
34809
_d
34809